| 000 | 00491nam a2200181Ia 4500 | ||
|---|---|---|---|
| 008 | 240925s9999 xx 000 0 und d | ||
| 020 | _a9788131510858 | ||
| 082 | _a519.4 BUR | ||
| 100 | _aBurden, Richard | ||
| 245 | 0 | _aNumerical Analysis: theory and applications | |
| 250 | _aNA | ||
| 260 |
_aAustralia: _bCENGAGE Learning _c,2005. |
||
| 300 |
_a877,xip. _bNA _fPhotocopy |
||
| 500 | _aIncludes Index | ||
| 600 | _aHumanities & Natural Science | ||
| 650 | _aMathematics | ||
| 942 | _cBK | ||
| 999 |
_c11490 _d11490 |
||